000 00285nam a2200121Ia 4500
008 190216s9999||||xx |||||||||||||| ||und||
100 _a"Raisinghania M D, Aggarwal R S"
245 0 _aHydrostatics
260 _bS Chand & Co
_c1981
300 _a250p
650 _aPhysics
942 _cBK
999 _c32920
_d32920